000 00425nam a22001577a 4500
003 MPLRDC
005 20220104124332.0
008 210129b ||||| |||| 00| 0 eng d
082 _a577.2386 QJQ
100 _a不详
245 _a马来西亚华裔迈向国家团结
_c
260 _a
_b马华联邦直辖区研究及
_c1951
300 _b
650 _a移民及侨民--各地华侨状况
942 _cBK
_o577.2386 QJQ
999 _c18524
_d18514